000 00394nam a2200181Ia 4500
005 20240823060141.0
008 240823s9999||||xx |||||||||||||| ||und||
041 _aTAMIL
082 _A920 Q4
100 _aNadarasan
245 0 _aKalaimamani Nalli
250 _a1st
260 _c2014
_bBrain Bank Public
500 _aYES
650 _aTamil
_bGeneral
942 _cBK
999 _c230449
_d230449